| 000 | 00000nam##2200000za#4500 |
| 001 | 9.651066 |
| 003 | CaOODSP |
| 005 | 20210615114741 |
| 007 | ta |
| 008 | 150407|2008||||xxc||||| f|0| 0 eng|d |
| 020 | |a978-0-662-47832-4 |
| 040 | |aCaOODSP|beng |
| 043 | |an-cn--- |
| 086 | 1 |aHS25-5/2006E |
| 110 | 1 |aCanada. |bHuman Resources and Social Development Canada. |
| 245 | 10|aConsolidated statement of administrative costs charged to the Canada Pension Plan account by Social Development Canada and Service Canada March 31, 2006 (in thousands of dollars) |
| 260 | |aOttawa - Ontario : |bHuman Resources and Social Development Canada |c2007. |
| 300 | |a12p. : |btables ; |c28 cm. |
| 500 | |aProject No. : 6510/06 |
| 563 | |aProcessed |
| 590 | |a08-21|b2008-05-23 |
| 690 | 07|aPublic pensions|2gcpds |
| 775 | 08|tÉtat consolidé des frais administratifs imputés au compte du Régime de pensions du Canada par Développement social Canada pour l'exercice se terminant le 31 mars 2006 (en milliers de dollars) |w(CaOODSP)9.684120 |
| 776 | 0#|tConsolidated statement of administrative costs charged to the Canadian Pension Plan account by Social Development Canada and Service Canada March 31, 2006 (in thousands of dollars) |w(CaOODSP)9.690658 |
| 986 | |aSP-834-05-07E |